LEADER 01122nam a2200241 i 4500 001 000000037577 003 CaOOAMICUS 005 20120913000000.0 008 120913s1991 it u000 u ita u 013 $a7884 040 $aSeMil$bita 100 1 $aBrusa, Carlo.$0(OLS)http://semarc/name/7649 245 12$aI cambiamenti elettorali del 1990 in provincia di Varese :$bconfronti a scale diverse: la regione, la provincia, i comuni /$cCarlo Brusa. 260 $a[S.l. :$bs.n.],$cstampa 1991$e(Varese :$fLa Tipografica Varese ,$gstampa 1991) 300 $a187 p. ;$c24 cm. 490 0 $aQuaderni CEDOC ;$v4 650 4$aVarese .$0(OLS)http://semarc/subject/7256 830 0$aQuaderni CEDOC ;$v4.$0(OLS)http://semarc/title/37019 850 $aSeMil 852 $aSeMil$W1$xVenegono$y1$m3P II 183$j3732$B3732$CSeMilBibl$Z2$F3732 $81 961 $aOmaggio: Casa editrice 996 $6245$aI cambiamenti elettorali del 1990 in provincia di Varese :$bconfronti a scale diverse: la regione, la provincia, i comuni$9(OLS)http://semarc/title/52682 996 $6260$a[S.l. :$bs.n.]$9(OLS)http://semarc/publisher/29751 LEADER 00718nab a2200157 i 4500 001 000000304589 003 CaOOAMICUS 005 20180831172822.0 008 180831n it uu u0 0ita r 013 $a12444 040 $aSeMil$bita 245 14$aUna stella per la tua vita :$bsussidio formativo per gli adolescenti. - Paginazione anche come sequenza autonoma : [1]-32. 700 1 $aSantoro, Carmela.$0(OLS)http://semarc/name/87269 700 1 $aMartelli, Alberto.$0(OLS)http://semarc/name/87268 773 0 $tIncontro che cambia la vita.$gp.[33]-96$w()260408 996 $6245$aUna stella per la tua vita :$bsussidio formativo per gli adolescenti. - Paginazione anche come sequenza autonoma : [1]-32.$9(OLS)http://semarc/title/380318